00489nam a2200181Ia 4500008004100000041001200041082001000053082001100063100003400074100001300108245006300121260000900184260003900193260000900232300001400241365002500255650002700280150909s9999 xx 000 0 und d aEnglish a338.1 bFAO/RE aFood and Agriculture organ  eCompiler aRegional training course in agricultural project analysis aRome bFood and Agriculture Organization c1971 a74 Pages aRs .8.00  aAgricultural economics